Healing power of gems (Record no. 411)

MARC details
000 -LEADER
fixed length control field 00817 a2200205 4500
008 - FIXED-LENGTH DATA ELEMENTS--GENERAL INFORMATION
fixed length control field 080820t xxu||||| |||| 00| 0 eng d
010 ## - LIBRARY OF CONGRESS CONTROL NUMBER
LC control number ENG-84791
020 ## - INTERNATIONAL STANDARD BOOK NUMBER
International Standard Book Number 8183821146
Terms of availability 150.00
035 ## - SYSTEM CONTROL NUMBER
System control number EN-68324
037 ## - SOURCE OF ACQUISITION
Source of stock number/acquisition D.B.Act / Pub
082 ## - DEWEY DECIMAL CLASSIFICATION NUMBER
Classification number 133.333
100 ## - MAIN ENTRY--PERSONAL NAME
Personal name Sharma, Gopal
245 ## - TITLE STATEMENT
Title Healing power of gems
Statement of responsibility, etc by Gopal Sharma and Sewaram Jaipuria
260 ## - PUBLICATION, DISTRIBUTION, ETC. (IMPRINT)
Place of publication, distribution, etc New Delhi
Name of publisher, distributor, etc Lotus Press
Date of publication, distribution, etc 2007
270 ## - ADDRESS
Address 4263/3, Ansari Road, Darya Ganj,
City New Delhi
State or province Delhi
Postal code 110002
Telephone number 32903912, 23290047
Electronic mail address lotus_press@sify.com
300 ## - PHYSICAL DESCRIPTION
Extent 209 p.
Dimensions 21 cm (Pbk)
700 ## - ADDED ENTRY--PERSONAL NAME
Personal name Jaipuria, Sewaram
942 ## - ADDED ENTRY ELEMENTS (KOHA)
Institution code [OBSOLETE] dpl
Koha item type English Books
Call number prefix 133.333 / SHA
Source of classification or shelving scheme Dewey Decimal Classification
Classification part 133.333
Call number suffix SHA
Holdings
Withdrawn status Lost status Damaged status Not for loan Home library Current library Date acquired Cost, normal purchase price Total Checkouts Full call number Barcode Date last seen Copy number Uniform Resource Identifier Cost, replacement price Price effective from Koha item type
        D.B.Act.Division D.B.Act.Division 20/08/2008 150.00   133.333 SHA EN-68324 15/09/2008 1 424 150.00 15/09/2008 English Books

© Delhi Public Library
Hit Counter
free hit counter